000 00861nam a2200253 a 4500
001 000029141
005 20200930055343.0
008 110404s1981 dr 000 0 spa d
040 _aDO-SdBNP
_bspa
_cBNPHU
082 _a343.729307
_bR426L, 1980
110 1 _aRepública Dominicana
_9447
240 1 0 _a[Leyes, etc.]
245 1 0 _aLegislación económica 1980 /
_cRamón A. Piantini.
260 _aSanto Domingo :
_bCEMYB,
_c1981.
300 _a47 p. ;
_c21 cm.
490 1 _aLegal
590 _aInventariado, 2019/MFF
651 4 _aRepública Dominicana
_xCondiciones Económicas
_xLegislación
_922897
651 4 _aRepública Dominicana
_xLeyes
_916541
700 1 _aPiantini, Ramón A.
_954327
710 1 _aCentro de Estudios Monetarios y Bancarios (República Dominicana)
_96296
830 0 _aLegal
_96909
910 _aValidado. Control de calidad MFF
999 _c28633
_d28633